Paul Creston : a bio-bibliography /

Bibliographic Details
Main Author: Slomski, Monica J.
Format: Book
Language:English
Published: Westport, Conn. : Greenwood Press, 1994.
Series:Bio-bibliographies in music. no. 55.
Subjects:

MARC

Tag First Indicator Second Indicator Subfields
LEADER 00000cam a22000008a 4500
001 in00001307635
005 20151005063406.0
008 940718s1994 ctuc bk 001 0deng
010 |a  94031649  
015 |a GB95-28652 
019 |a 32542356 
020 |a 0313253366 (alk. paper) 
035 |a (OCoLC)30895095 
035 |9 AHB9183AM 
040 |a DLC  |c DLC  |d IAI  |d IAY  |d UKM  |d TXA  |d UtOrBLW 
049 |a TXAM 
050 0 0 |a ML134.C73  |b S6 1994 
082 0 0 |a 780/.92  |a B  |2 20 
100 1 |a Slomski, Monica J. 
245 1 0 |a Paul Creston :  |b a bio-bibliography /  |c compiled by Monica J. Slomski. 
263 |a 9411 
264 1 |a Westport, Conn. :  |b Greenwood Press,  |c 1994. 
300 |a x, 205 pages :  |b portrait ;  |c 24 cm. 
336 |a text  |b txt  |2 rdacontent 
337 |a unmediated  |b n  |2 rdamedia 
338 |a volume  |b nc  |2 rdacarrier 
490 1 |a Bio-bibliographies in music,  |x 0742-6968 ;  |v no. 55 
504 |a Discography: pages [71]-80. 
500 |a Includes index. 
600 1 0 |a Creston, Paul,  |d 1906-1985  |x Bibliography. 
600 1 0 |a Creston, Paul,  |d 1906-1985  |x Discography. 
830 0 |a Bio-bibliographies in music.  |x 0742-6968 ;  |v no. 55. 
999 |a MARS 
999 f f |s 6ff6163b-7279-3604-a48e-41dc537c6c03  |i 4eb01f89-71b6-3d1f-a5fe-377a4013ee73  |t 0 
952 f f |p ric  |a Texas A&M University  |b Rellis Campus  |c Joint Library Facility  |d Remote Storage  |t 0  |e ML134.C73 S6 1994  |h Library of Congress classification  |i unmediated -- volume  |m A14820266487 
998 f f |a ML134.C73 S6 1994  |t 0  |l Remote Storage